Principles of corporate finance / (Record no. 11684)

000 -LEADER
fixed length control field 00587cam a22002054a 4500
020 ## - INTERNATIONAL STANDARD BOOK NUMBER
ISBN 0072467665 (alk. paper)
020 ## - INTERNATIONAL STANDARD BOOK NUMBER
ISBN 0071151443 (international : alk. paper)
020 ## - INTERNATIONAL STANDARD BOOK NUMBER
ISBN 0072467924 (CDROM)
020 ## - INTERNATIONAL STANDARD BOOK NUMBER
ISBN 0072552743 (text and CDROM)
040 ## - CATALOGING SOURCE
Transcribing agency DLC
082 00 - DEWEY DECIMAL CLASSIFICATION NUMBER
Classification number 658 MCG 2003 A039 Or.
100 1# - MAIN ENTRY--AUTHOR NAME
Personal name Brealey, Richard A.
245 10 - TITLE STATEMENT
Title Principles of corporate finance /
250 ## - EDITION STATEMENT
Edition statement 7th ed.
260 ## - PUBLICATION, DISTRIBUTION, ETC. (IMPRINT)
Place of publication Boston, Mass. :
Name of publisher McGraw-Hill/Irwin,
Year of publication c2003.
300 ## - PHYSICAL DESCRIPTION
Number of Pages xxv, 1071 p. :
Other physical details ill. ;
Dimensions 26 cm.
650 #0 - SUBJECT ADDED ENTRY--TOPICAL TERM
Topical Term Corporations
700 1# - ADDED ENTRY--PERSONAL NAME
Personal name Myers, Stewart C.
942 ## - ADDED ENTRY ELEMENTS (KOHA)
Koha item type សៀវភៅភាសាអង់គ្លេស
952 ## - LOCATION AND ITEM INFORMATION (KOHA)
Withdrawn status [LOCAL, KOHA] 0
Holdings
Permanent Location Date acquired Koha item type Lost status Shelving location Barcode Current Location Full call number
Library Block A2017-08-04សៀវភៅភាសាអង់គ្លេស A039A14819Library Block A658 MCG 2003 A039 Or.
មជ្ឈមណ្ឌលឯការនៃសាកលវិទ្យាល័យភូមិន្ទកសិកម្មចំការដូង

Powered by Koha